|
|
|
|
| LEADER |
00000cam a22000004a 4500 |
| 001 |
musev2_158 |
| 003 |
MdBmJHUP |
| 005 |
20230905040040.0 |
| 006 |
m o d |
| 007 |
cr||||||||nn|n |
| 008 |
090821s2010 nyu o 00 0 eng d |
| 010 |
|
|
|z 2009034858
|
| 020 |
|
|
|a 9781438431727
|
| 020 |
|
|
|z 1438431716
|
| 020 |
|
|
|z 1438431724
|
| 020 |
|
|
|z 9781438431710
|
| 035 |
|
|
|a (OCoLC)655742760
|
| 040 |
|
|
|a MdBmJHUP
|c MdBmJHUP
|
| 043 |
|
|
|a a-iq---
|
| 050 |
0 |
4 |
|a BP80.W39
|b S55 2010
|
| 082 |
0 |
|
|a 297.4092
|2 22
|
| 100 |
1 |
|
|a Silvers, Laury,
|d 1964-
|
| 245 |
1 |
2 |
|a Soaring Minaret, A :
|b Abu Bakr al-Wasiti and the Rise of Baghdadi Sufism /
|c Laury Silvers.
|
| 264 |
|
1 |
|a Albany, N.Y. :
|b State University of New York Press,
|c 2010.
|
| 264 |
|
3 |
|a Baltimore, Md. :
|b Project MUSE,
|c 2011
|
| 264 |
|
4 |
|c ©2010.
|
| 300 |
|
|
|a 1 online resource (152 pages).
|
| 336 |
|
|
|a text
|b txt
|2 rdacontent
|
| 337 |
|
|
|a computer
|b c
|2 rdamedia
|
| 338 |
|
|
|a online resource
|b cr
|2 rdacarrier
|
| 504 |
|
|
|a Includes bibliographical references (p. 129-136) and index.
|
| 505 |
0 |
|
|a Wasiti and early sufism -- Wasiti's intellectual heritage -- Wasiti in Iraq -- Wasiti in Khurasan -- Wasiti and Sufi discourse -- Wasiti's theology -- Theological principles -- God's essence -- The attributes -- The acts -- Conclusion.
|
| 588 |
|
|
|a Description based on print version record.
|
| 600 |
1 |
0 |
|a Wāsiṭī, Muḥammad ibn Aḥmad,
|d d. ca. 971 or 2.
|
| 650 |
|
0 |
|a Sufism
|z Iraq
|z Baghdad
|v Biography.
|
| 650 |
|
0 |
|a Sufis
|z Iraq
|z Baghdad
|v Biography.
|
| 655 |
|
7 |
|a Electronic books.
|2 local
|
| 710 |
2 |
|
|a Project Muse.
|e distributor
|
| 830 |
|
0 |
|a Book collections on Project MUSE.
|
| 856 |
4 |
0 |
|z Texto completo
|u https://projectmuse.uam.elogim.com/book/158/
|
| 945 |
|
|
|a Project MUSE - Custom Collection
|
| 945 |
|
|
|a Project MUSE - 2010 Philosophy and Religion
|
| 945 |
|
|
|a Project MUSE - 2010 Complete
|